LEADER 01355nam a22002651i 4500 001 991002939249707536 005 20030905085452.0 008 030925s1908 it |||||||||||||||||ita 035 $ab12358046-39ule_inst 035 $aARCHE-040558$9ExL 040 $aBiblioteca Interfacoltà$bita$cA.t.i. Arché s.c.r.l. Pandora Sicilia s.r.l. 082 04$a263 100 1 $aSeminatore, Giuseppe$0455114 245 12$aI documenti del Monastero di S. Modesto di Benevento nello Archivio generalizio dei Canonici regolari lateranensi /$cGiuseppe Seminatore 260 $aCaltanisetta :$bStab. Tip. Ospizio di beneficenza Umberto 1.,$c1908 300 $a58 p. ;$c21 cm 500 $aEstr. da: Archivio Storico Italiano, ser. V, T. XLIV, (1909) 650 4$aMonastero di San Modesto$xBenevento$xDocumenti 907 $a.b12358046$b02-04-14$c08-10-03 912 $a991002939249707536 945 $aLE002 Misc. I F 12/12 (Fondo Ferretti)$g1$i2002000197856$lle002$o-$pE0.00$q-$rn$so $t0$u0$v0$w0$x0$y.i12762404$z08-10-03 945 $aLE002 Misc. I D 2/11 (Fondo Ferretti)$g2$i2002000188939$lle002$o-$pE0.00$q-$rn$so $t0$u0$v0$w0$x0$y.i12762416$z08-10-03 996 $aDocumenti del Monastero di S. Modesto di Benevento nello Archivio generalizio dei Canonici regolari lateranensi$9158430 997 $aUNISALENTO 998 $ale002$b08-10-03$cm$da $e-$fita$git $h2$i2 LEADER 01185nas 2200421- 450 001 9910894251403321 005 20230518213020.0 011 $a2320-4729 035 $a(DE-599)ZDB2734816-7 035 $a(OCoLC)847879641 035 $a(CKB)2670000000517572 035 $a(CONSER)--2022242499 035 $a(EXLCZ)992670000000517572 100 $a20130320a20119999 --- - 101 0 $aeng 135 $aurunu|||||||| 181 $ctxt$2rdacontent 182 $cc$2rdamedia 183 $acr$2rdacarrier 200 00$aJournal of Academy of Medical Sciences 210 1$aMumbai :$cMedknow Publications & Media Pvt. Ltd. 215 $a1 online resource 311 08$a2249-4855 517 1 $aJAMS 531 1 $aJ. acad. med. sci. 606 $aMedicine$vPeriodicals 606 $aMédecine$vPériodiques 606 $aMedicine$2fast$3(OCoLC)fst01014893 608 $aPeriodicals.$2fast 608 $aPeriodicals.$2lcgft 615 0$aMedicine 615 6$aMédecine 615 7$aMedicine. 712 02$aOsmania Medical College, 906 $aJOURNAL 912 $a9910894251403321 996 $aJournal of Academy of Medical Sciences$94268162 997 $aUNINA